000 00687nam a22002057a 4500
005 20251108174635.0
008 250721s2006 xx 000 0 ara d
020 _a9960510557
082 1 4 _a371.8/حرب
100 1 _aالحربي، يحيى بن صالح
_eمؤلف
245 1 0 _aالنشاط الطلابي : دليل شامل يجمع بين التنظير و التطبيق /
264 1 _aالرياض :
_bدار الحضارة للنشر و التوزيع،
_c2006.
300 _a232 ص.
490 0 _aالنشاط الطلابي
_v1
650 1 7 _aالطلاب
650 1 7 _aالندريس
650 1 7 _aالنشاط الصيفي
942 _2ddc
_cBK
999 _c114261
_d114261